| 000 | 00362nam a2200121Ia 4500 | ||
|---|---|---|---|
| 008 | 191014s9999 xx 000 0 und d | ||
| 082 |
_a338.5 _bLEF |
||
| 100 |
_aRoss d. Eckert, Richard h. Leftwich _924033 |
||
| 245 | 4 | _aThe Price System and Resource Allocation 10th Edition | |
| 260 |
_aPakistan _bNational Books Fundation |
||
| 300 | _aXviii,648 | ||
| 942 | _cBK | ||
| 999 |
_c531304 _d531304 |
||